Investigación sobre la naturaleza y causas de la riqueza de las naciones / (Registro nro. 5534)
[ vista simple ]
| 000 -LEADER | |
|---|---|
| fixed length control field | 01419nam a2200313Ia 4500 |
| 003 - CONTROL NUMBER IDENTIFIER | |
| control field | OSt |
| 005 - DATE AND TIME OF LATEST TRANSACTION | |
| control field | 20200623120733.0 |
| 008 - FIXED-LENGTH DATA ELEMENTS--GENERAL INFORMATION | |
| fixed length control field | 191128s1979 mx gr 001 0 spa d |
| 020 ## - INTERNATIONAL STANDARD BOOK NUMBER | |
| International Standard Book Number | 968162102 |
| 040 ## - CATALOGING SOURCE | |
| Original cataloging agency | CO-JMCR |
| Transcribing agency | CO-JMCR |
| 041 1# - LANGUAGE CODE | |
| Language code of text/sound track or separate title | spa |
| Language code of original | eng |
| 082 04 - DEWEY DECIMAL CLASSIFICATION NUMBER | |
| Classification number | 330.153 / |
| Item number | S642i |
| Edition number | 23 |
| 100 1# - MAIN ENTRY--PERSONAL NAME | |
| Personal name | Smith, Adam, |
| Relator term | autor |
| 9 (RLIN) | 1565 |
| 245 10 - TITLE STATEMENT | |
| Title | Investigación sobre la naturaleza y causas de la riqueza de las naciones / |
| Statement of responsibility, etc. | Adam Smith ; edición de Edwin Cannan ; con una introducción de Max Lerner ; nueva traducción y estudio preliminar de Gabriel Franco |
| 250 ## - EDITION STATEMENT | |
| Edition statement | Primera edición |
| 260 ## - PUBLICATION, DISTRIBUTION, ETC. | |
| Place of publication, distribution, etc. | México : |
| Name of publisher, distributor, etc. | Fondo de Cultura Ecónomica, reimpresión, |
| Date of publication, distribution, etc. | 1979. |
| 300 ## - PHYSICAL DESCRIPTION | |
| Extent | lxxvi, 917 páginas ; |
| Dimensions | 23 cm. |
| 500 ## - GENERAL NOTE | |
| General note | Incluye índice analítico páginas 849-906. |
| 500 ## - GENERAL NOTE | |
| General note | Incluye índice bibliográfico páginas 907-912. |
| 505 0# - FORMATTED CONTENTS NOTE | |
| Formatted contents note | De las causas del progreso en las facultades productivas del trabajo y del modo como un producto se distribuye naturalmente entre las diferentes clases del pueblo -- Sobre la naturaleza, acumulación y empleo del capital |
| 546 ## - LANGUAGE NOTE | |
| Language note | Traducido del inglés |
| 650 14 - SUBJECT ADDED ENTRY--TOPICAL TERM | |
| Topical term or geographic name entry element | Riqueza |
| 9 (RLIN) | 5953 |
| 650 24 - SUBJECT ADDED ENTRY--TOPICAL TERM | |
| Topical term or geographic name entry element | Liberalismo |
| General subdivision | Teoría económica |
| 9 (RLIN) | 5965 |
| 650 24 - SUBJECT ADDED ENTRY--TOPICAL TERM | |
| Topical term or geographic name entry element | Planificación de la producción |
| 9 (RLIN) | 5966 |
| 700 1# - ADDED ENTRY--PERSONAL NAME | |
| Personal name | Cannan, Edwin, |
| Relator term | editor |
| 9 (RLIN) | 4963 |
| 700 1# - ADDED ENTRY--PERSONAL NAME | |
| Personal name | Lerner, Max, |
| Relator term | introducción |
| 9 (RLIN) | 5967 |
| 700 1# - ADDED ENTRY--PERSONAL NAME | |
| Personal name | Franco, Gabriel, |
| Relator term | traductor |
| 9 (RLIN) | 5968 |
| 942 ## - ADDED ENTRY ELEMENTS (KOHA) | |
| Source of classification or shelving scheme | Dewey Decimal Classification |
| Koha item type | Books |
| Withdrawn status | Lost status | Source of classification or shelving scheme | Materials specified (bound volume or other part) | Damaged status | Not for loan | Home library | Current library | Shelving location | Date acquired | Source of acquisition | Cost, normal purchase price | Total Checkouts | Full call number | Barcode | Date last seen | Date last checked out | Copy number | Price effective from | Koha item type |
|---|---|---|---|---|---|---|---|---|---|---|---|---|---|---|---|---|---|---|---|
| Dewey Decimal Classification | Donación--15/04/2018-- | Biblioteca Pública José María del Castillo y Rada | Biblioteca Pública José María del Castillo y Rada | General Stacks | 11/28/2019 | Donación | 0.00 | 2 | 330.153 / S642i | 430002042 | 05/31/2024 | 05/31/2024 | Ej.1 | 11/28/2019 | Books |